Creative editing (Record no. 8689)

MARC details
000 -LEADER
fixed length control field 00482nam a22001817a 4500
008 - FIXED-LENGTH DATA ELEMENTS--GENERAL INFORMATION
fixed length control field 210423b ||||| |||| 00| 0 eng d
020 ## - INTERNATIONAL STANDARD BOOK NUMBER
International Standard Book Number 9781439082690
082 ## - DEWEY DECIMAL CLASSIFICATION NUMBER
Classification number 070.4 BOW
100 ## - MAIN ENTRY--PERSONAL NAME
Personal name Bowles, Dorothy A.
245 ## - TITLE STATEMENT
Title Creative editing
250 ## - EDITION STATEMENT
Edition statement 6th ed.
260 ## - PUBLICATION, DISTRIBUTION, ETC.
Place of publication, distribution, etc. Boston :
Name of publisher, distributor, etc. Wadsworth,
Date of publication, distribution, etc. 2010.
300 ## - PHYSICAL DESCRIPTION
Extent xvi, 412 p. :
Other physical details ill. ;
Dimensions 28 cm.
500 ## - GENERAL NOTE
General note Includes index.
650 ## - SUBJECT ADDED ENTRY--TOPICAL TERM
Topical term or geographic name entry element Journalism--Editing. Editing.
700 ## - ADDED ENTRY--PERSONAL NAME
Personal name Diane L. Borden.
942 ## - Added entry Elements (Koha)
Source of classification or shelving scheme Dewey Decimal Classification
Holdings
Withdrawn status Lost status Source of classification or shelving scheme Damaged status Not for loan Collection code Home library Current library Shelving location Date acquired Serial Enumeration / chronology Total Checkouts Full call number Barcode Date last seen Price effective from Koha item type
    Dewey Decimal Classification     Main TEST RTC Library RTC Library Main opac 23/04/2021 14990   070.4 BOW 30014136 23/04/2021 23/04/2021 Main
Royal Thimphu College || All Right Reserved